00387nam a2200121Ia 4500008004100000020001800041041000800059082003200067100003900099245006700138260005100205300000900256230411s9999 xx 000 0 und d a81-239-1229-3 aeng aOG/610.73678/HIR/BAL/B05787 aHiranandani Malti & Balaji Vandana aPhysiotherapy in Pregnancy : Antenatal postnatal and baby care bCBS Publishers & DistributorsaNew Delhic2006 a146p